Datum a čas kvízu
32
Celkem bodů
Celkový počet nahraných bodů na tomto kvízu bez doplňovacích otázek.
7.
Pořadí na kvízu
Konečné umístění týmu na tomto kvízu.
Zaznamenané odpovědi
| # | Otázka | Odpověď | Body | Výsledky |
|---|---|---|---|---|
| 1. | U jednoho nově otevřeného obch... | pro ženy | 0 | |
| 2. | V neděli začala světová výstav... | v Japonsku | 1 | |
| 3. | Po více než třiceti letech se... | Karavan | 0 | |
| 4. | Americká genetická společnost... | Hra o trůny, pravlk | 0.5 | |
| 5. | Ve středu začalo hokejové mist... | České Budějovice | 1 | |
| 6. | Dovtípíte se, co bylo objeveno... | Velikonoční ostrov | 0 | |
| 7. | S Velikonocemi je spojena řada... | o kříž | 1 | |
| 8. | Velký pátek je v České republi... | 2016 (2015–2017) | 0 | |
| 9. | Dny, které jsou nějak spojené... | 1D 2B 3C 4A | 0 | |
| 10. | Australané nejsou vzhledem k t... | bandikut (králíkovitý) | 0 |